The Beatles Impossible Quiz Part 2 - Statistics

General Stats
  • This quiz has been taken 61 times
  • The average score is 7 of 14
Answer Stats
Hint Answer % Correct
How Many Times Did The Beatles Go To India Together 1
96%
Which Beatle was the first to leave their trip in India to come back to England? Ringo
94%
____ Day Sunshine Good
90%
What Is The Name Of John Lennons Mom Julia
80%
What Is Paul McCartney's Full Birth Name James Paul McCartney
69%
What is the name of Paul McCartney's current Tour? Got Back
63%
Ebony ___ _____ And Ivory
51%
What is the seventh song on the seventh Beatles Album? She Said She Said
49%
__ Bonnie My
47%
Finish The Lyrics: I'm in love and it's a Sunny Day
31%
Why Was Paul McCartney Arrested In 1980 In Japan Marijuana Possession
24%
Press __ ____ To Play
22%
What Was Ringo Starr's Most Recent Album Look Up
20%
Finish The Lyrics: Daytime Nighttime Suffering Is All She Gets
10%
No matching quizzes found
Score Distribution
Percent of People with Each Score
Percentile by Number Answered
Your Score History
You have not taken this quiz